| 000 | 00630nam a2200205 a 4500 | ||
|---|---|---|---|
| 005 | 20240228063824.0 | ||
| 008 | 991125s1995 es 000 0 spa u | ||
| 020 | _a8476409087 | ||
| 035 | _aUPN01000006992 | ||
| 049 | _aI | ||
| 050 | 4 |
_aNA7710 _bM3.28 |
|
| 100 | 1 |
_aMantegazza, Giovanna _929115 |
|
| 245 | 1 | 3 |
_aEl castillo por dentro / _cGiovanna Mantegazza ; il. Franca Trabacchi ; tr. Pepa Linares. |
| 260 |
_aMadrid : _bEdaf, _c1995. |
||
| 300 |
_a15 p. : _bil. col. |
||
| 440 | 0 |
_aLibros para ver las cosas por dentro ; _v15 |
|
| 650 | 4 |
_aCASTILLOS _96189 |
|
| 650 | 4 |
_aLibros y lectura para niƱos _92290 |
|
| 905 | _aInfantil | ||
| 999 |
_c6992 _d6992 |
||